घातचक्र (Record no. 463362)

MARC details
000 -LEADER
fixed length control field 00421nam a2200145Ia 4500
008 - FIXED-LENGTH DATA ELEMENTS--GENERAL INFORMATION
fixed length control field 100204s9999 xx 000 0 und d
082 ## - DEWEY DECIMAL CLASSIFICATION NUMBER
Item number 18939
100 ## - MAIN ENTRY--PERSONAL NAME
Personal name इनामदार ना.स.
245 ## - TITLE STATEMENT
Title घातचक्र
260 ## - PUBLICATION, DISTRIBUTION, ETC. (IMPRINT)
Name of publisher, distributor, etc "सन पब्लिकेशन्स , पुणे"
Date of publication, distribution, etc 1996
300 ## - PHYSICAL DESCRIPTION
Extent 107
630 ## - SUBJECT ADDED ENTRY--UNIFORM TITLE
Uniform title घातचक्र
730 ## - ADDED ENTRY--UNIFORM TITLE
Uniform title घातचक्र
942 ## - ADDED ENTRY ELEMENTS (KOHA)
Koha item type Book
Holdings
Withdrawn status Lost status Damaged status Not for loan Home library Current library Date acquired Cost, normal purchase price Total Checkouts Full call number Barcode Date last seen Cost, replacement price Price effective from Koha item type
        N. C. Kelkar Sarvajanik Library, Mulund N. C. Kelkar Sarvajanik Library, Mulund 02/04/2010 50.00   18939 NCKMULUND-18939 02/04/2010 50.00 02/04/2010 Book